000 00522nam a2200193 a 4500
001 1771067063559
003 YourLibrary
005 20260214163805.0
008 260214s2004##################000#0#eng##
020 _a9780335210183
082 0 4 _a306.70846
_bGOT
100 1 _aGott, Merryn,
_eauthor.
245 1 0 _aSexuality, Sexual Health And Ageing :
260 _bMcGraw-Hill Education (UK),
_c2004.
300 _a190 pages
650 0 _aSocial Science.
942 _cENGLISH
040 _aYourLibrary
_beng
_cYourLibrary
999 _c612538
_d612538